[Event "NRW U18 op"]
[Site "Olpe"]
[Date "2005.10.02"]
[Round "4.38"]
[White "Ferrier, Marcel"]
[Black "Riehl, Tim"]
[Result "1/2-1/2"]
[WhiteElo "941"]
[BlackElo "1354"]
[PlyCount "42"]
[EventDate "2005.10.01"]
[EventType "swiss"]
[EventRounds "7"]
[EventCountry "GER"]
[SourceTitle "CBM 108 Extra"]
[Source "ChessBase"]
[SourceDate "2005.11.04"]
[SourceVersion "1"]
[SourceVersionDate "2005.11.04"]
[SourceQuality "1"]

1. e4 d6 2. Nf3 Nc6 3. Bc4 e5 4. d3 g6 5. Nc3 Bg7 6. Ng5 Nh6 7. h3 0-0 8. 0-0 Qe7 9. Be3 Be6 10. f4 Bxc4 11. dxc4 exf4 12. Bxf4 f6 13. Nd5 Qd7 14. Nf3 Nf7 15. Qd3 Nfe5 16. Nxe5 fxe5 17. Bg5 Nd4 18. Bf6 c6 19. Bxg7 Qxg7 20. Ne3 Rf7 21. Rxf7 Qxf7 1/2-1/2